000 01045nam a2200265 i 4500
003 DO-SdBNP
005 20241011111948.0
007 ta
008 241011s1983 dr a 001 0 spa d
040 _aDO-SdBNP
_bspa
_cBNPHU
_erda
082 _a331.88
_bT355b, 1983
_222
245 0 0 _aTextos básicos para la educación sindical :
_bel sindicalismo latinoamericano y sus vinculaciones internacionales /
264 1 _aSanto Domingo :
_bSecretaría de Educación Obrera,
_bUnión General de Trabajadores Dominicanos,
_c1983.
300 _a75 páginas
_bilustraciones
_c25 cm.
336 _atexto
_btxt
_2rdacontent
337 _asin mediación
_bn
_2rdamedia
338 _avolumen
_bnc
_2rdacarrier
490 _aCuadernos U. G. T. D.
590 _aInventariado, 2024/ YL
650 4 _aSindicalismo
_zRepública Dominicana
_xEnseñanza
_953988
650 4 _aSindicatos
_zRepública Dominicana
_97318
710 2 _aUnión General de Trabajadores Dominicanos (UGTD).
_bSecretaría de Educación Obrera
_953989
910 _aYLockward
942 _2ddc
_cLBS1
999 _c57831
_d57831